000 01362nam a22002777a 4500
005 20091214111552.0
008 091214t xxu||||| |||| 00| 0 eng d
010 _aB-380622-624
020 _a9780007244539
_c75.00
035 _aB-380622-624
037 _bUBH
040 _adpl
_bEnglish
082 _aS
100 _aDonaldson, Julia
245 _aThe pot of gold /
_cby Julia Donaldson; illustrated by Sholto Walker
260 _aLondon
_bCollins
_c2007
270 _a77-85, Fulham Palace Road, Hammersmith
_bLondon
300 _a32p.:
_bcol. ill.
_c21cm(pbk)
490 _aCollins big cat read at home ; edited by Cliff Moon
_vlevel 4 book d- love reading
700 _aWalker, Sholto
942 _2ddc
_cCH
_mDON
_hS
999 _c32720
_d32720